The nonprofit handbook. (Record no. 1017)

000 -LEADER
fixed length control field 02083nam a22004697a 4500
001 - CONTROL NUMBER
control field 12127784
003 - CONTROL NUMBER IDENTIFIER
control field OSt
005 - DATE AND TIME OF LATEST TRANSACTION
control field 20210426115414.0
008 - FIXED-LENGTH DATA ELEMENTS--GENERAL INFORMATION
fixed length control field 000802s2001 nyua bf 001 0 eng
010 ## - LIBRARY OF CONGRESS CONTROL NUMBER
LC control number 00061962
020 ## - INTERNATIONAL STANDARD BOOK NUMBER
International Standard Book Number 0471403040 (cloth : alk. paper)
040 ## - CATALOGING SOURCE
Original cataloging agency DLC
Transcribing agency DLC
Modifying agency DLC
Language of cataloging eng
041 ## - LANGUAGE CODE
Language code of text/sound track or separate title eng
050 00 - LIBRARY OF CONGRESS CALL NUMBER
Classification number HD62.6
Item number .N662 2001
080 ## - UNIVERSAL DECIMAL CLASSIFICATION NUMBER
Universal Decimal Classification number 336
Item number G-78
082 00 - DEWEY DECIMAL CLASSIFICATION NUMBER
Classification number 658.15/224
Edition number 21
100 ## - MAIN ENTRY--PERSONAL NAME
9 (RLIN) 715
Personal name Greenfield, M. James
Relator term Editor
245 04 - TITLE STATEMENT
Title The nonprofit handbook.
Name of part/section of a work Fund raising /
Statement of responsibility, etc. edited by James M. Greenfield.
Remainder of title / by: John Wiley and Sons Inc
246 30 - VARYING FORM OF TITLE
Title proper/short title Fund raising
250 ## - EDITION STATEMENT
Edition statement 3rd edition
260 ## - PUBLICATION, DISTRIBUTION, ETC.
Place of publication, distribution, etc. New York :
Name of publisher, distributor, etc. John Wiley and Sons Inc
Date of publication, distribution, etc. 2001.
300 ## - PHYSICAL DESCRIPTION
Extent xxii, 1154 p. :
Other physical details ill.
Dimensions 26 cm.
440 #4 - SERIES STATEMENT/ADDED ENTRY--TITLE
Title The AFP/Wiley fund development series
500 ## - GENERAL NOTE
General note Includes the following supplements: 2002-< > supplement.
504 ## - BIBLIOGRAPHY, ETC. NOTE
Bibliography, etc. note Includes bibliographical references and index.
650 #0 - SUBJECT ADDED ENTRY--TOPICAL TERM
Topical term or geographic name entry element Nonprofit organizations
General subdivision Management
Form subdivision Handbooks, manuals, etc.
650 #0 - SUBJECT ADDED ENTRY--TOPICAL TERM
Topical term or geographic name entry element Finances
9 (RLIN) 454
650 #0 - SUBJECT ADDED ENTRY--TOPICAL TERM
Topical term or geographic name entry element Nonprofit organizations
General subdivision Finance
Form subdivision Handbooks, manuals, etc.
650 #0 - SUBJECT ADDED ENTRY--TOPICAL TERM
Topical term or geographic name entry element Total quality management
Form subdivision Handbooks, manuals, etc.
650 #0 - SUBJECT ADDED ENTRY--TOPICAL TERM
Topical term or geographic name entry element Fund raising
Form subdivision Handbooks, manuals, etc.
653 ## - INDEX TERM--UNCONTROLLED
Uncontrolled term ფინანსები
653 ## - INDEX TERM--UNCONTROLLED
Uncontrolled term მართვა
653 ## - INDEX TERM--UNCONTROLLED
Uncontrolled term დაფინანსების მოძიება
700 1# - ADDED ENTRY--PERSONAL NAME
Personal name Greenfield, James M.,
Dates associated with a name 1936-
740 02 - ADDED ENTRY--UNCONTROLLED RELATED/ANALYTICAL TITLE
Uncontrolled related/analytical title Nonprofit handbook.
Name of part/section of a work Fund raising.
-- Supplement.
856 42 - ELECTRONIC LOCATION AND ACCESS
Materials specified Contributor biographical information
Uniform Resource Identifier <a href="http://www.loc.gov/catdir/bios/wiley042/00061962.html">http://www.loc.gov/catdir/bios/wiley042/00061962.html</a>
856 42 - ELECTRONIC LOCATION AND ACCESS
Materials specified Publisher description
Uniform Resource Identifier <a href="http://www.loc.gov/catdir/description/wiley035/00061962.html">http://www.loc.gov/catdir/description/wiley035/00061962.html</a>
856 4# - ELECTRONIC LOCATION AND ACCESS
Materials specified Table of Contents
Uniform Resource Identifier <a href="http://www.loc.gov/catdir/toc/onix06/00061962.html">http://www.loc.gov/catdir/toc/onix06/00061962.html</a>
906 ## - LOCAL DATA ELEMENT F, LDF (RLIN)
a 7
b cbc
c orignew
d 1
e ocip
f 19
g y-gencatlg
942 ## - ADDED ENTRY ELEMENTS (KOHA)
Source of classification or shelving scheme
Koha item type Books
Edition 3
Holdings
Withdrawn status Lost status Source of classification or shelving scheme Damaged status Not for loan Permanent location Current location Date acquired Inventory number Total Checkouts Full call number Barcode Date last seen Price effective from Koha item type
          Ken Walker International University Ken Walker International University 01/28/2021 2502   336 G-78 2502 01/28/2021 01/28/2021 Books

Powered by Koha